Canadian poetry

সংরক্ষণ করুন:
গ্রন্থ-পঞ্জীর বিবরন
প্রধান লেখক: Lecker, David
বিন্যাস: গ্রন্থ
ভাষা:Undetermined
প্রকাশিত: Toronto, Canadá General 1982
বিষয়গুলি:
ট্যাগগুলো: ট্যাগ যুক্ত করুন
কোনো ট্যাগ নেই, প্রথমজন হিসাবে ট্যাগ করুন!

MARC

LEADER 00000nam a2200000Ia 4500
008 170316s9999 xx 000 0 und d
040 |a cru BVZT 
090 |a 818 L-13c 
100 |a Lecker, David 
245 |a Canadian poetry  |c Jack David; Robert Lecker 
260 |a Toronto, Canadá 
260 |b General 
260 |c 1982 
300 |a 320 páginas Vol. 2. 
650 |a LITERATURA CANADIENSE 
942 |c 15 D 
999 |c 6504  |d 6504